Abasto de alimentos en economa̕ abierta Situacin̤ en Mx̌ico /

Detalles Bibliográficos
Autor principal: Trp̀aga, Yolanda
Otros Autores: Gasca, Još
Formato: eBook
Lenguaje:español
Publicado: Mx̌ico D.F.: Plaza y Valdš Editores, 2012
Materias:
Acceso en línea:Acceso restringido

MARC

LEADER 00000nam a22000007a 4500
005 20130711124356.0
007 cr|||| ||||
008 130711s2012 mx |||||s|||| 00||0 spa d
020 |a 978-607-402-510-1 
035 |a 11389 
040 |a vLex 
090 |c 4420  |d 4420 
100 1 |a Trp̀aga, Yolanda 
245 1 0 |a Abasto de alimentos en economa̕ abierta  |h [Recurso electrn̤ico] :  |b  Situacin̤ en Mx̌ico /  |c Yolanda Trp̀aga, Jos ̌Gasca  
256 |a Servicio en ln̕ea 
260 |a Mx̌ico D.F.:  |b Plaza y Valdš Editores,  |c 2012 
300 |a 1 recurso electrn̤ico 
506 1 |a Contenido solo disponible en los productos indicados  |d vLex Global  |d vLex Global (Academic Edition, excluding Law Schools)  |d vLex Global (U.S. Academic Edition, Law Schools)  |d vLex Global (U.S. Academic Edition, excluding Law Schools)  |d vLex Global (Academic Edition, Law Schools) 
650 0 4 |a Alimentos  |x Abastecimiento  |x Derecho y legislacin̤  |z Mx̌ico 
700 2 |a Gasca, Još 
740 0 |a vLex Libros (Servicio en ln̕ea) 
856 4 0 |u http://vlex.com/source/abasto-de-alimentos-en-economia-abierta-situacion-en-mexico-11389  |z Acceso restringido 
942 |c BOOK 
999 0 |a Food supply--Law and legislation